European capitals to country - Statistics

General Stats
  • This quiz has been taken 32 times
  • The average score is 25 of 45
Answers on the Map
Answers color-coded by a green-red scale on the quiz's map according to % correct below.
 
Answer Stats
Answer % Correct
Dublin
100%
Lisbon
100%
London
100%
Madrid
100%
Paris
100%
Andorra la vella
89%
Reykjavik
89%
Berlin
78%
Kiev
78%
Monaco
78%
Vienna
78%
Bern
67%
Brussels
67%
Moscow
67%
San Marino
67%
Valletta
67%
Warsaw
67%
Athens
56%
Copenhagen
56%
Helsinki
56%
Luxembourg
56%
Minsk
56%
Oslo
56%
Prague
56%
Stockholm
56%
Tallinn
56%
Vaduz
56%
Amsterdam
44%
Bucharest
44%
Tirana
44%
Vatican city
44%
Ljubljana
33%
Podgorica
33%
Pristina
33%
Riga
33%
Rome
33%
Sarajevo
33%
Skopje
33%
Vilnius
33%
Zagreb
33%
Belgrade
22%
Budapest
22%
Chisinau
22%
Sofia
22%
Bratislava
11%
No matching quizzes found
Score Distribution
Percent of People with Each Score
Percentile by Number Answered
Your Score History
You have not taken this quiz